Catàleg del Col·legi de Periodistes de Catalunya

El papel de la agenda de los medios en el proceso de comunicación política (Registre núm. 6601)

000 -CABECERA
Longitud fija campo de control 01147nam a22002177a 4500
003 - IDENTIFICADOR DEL NÚMERO DE CONTROL
Identificador del número de control OSt
005 - FECHA Y HORA DE LA ÚLTIMA TRANSACCIÓN
Fecha y hora de la última transacción 20151026133603.0
008 - CÓDIGOS DE INFORMACIÓN DE LONGITUD FIJA
Códigos de información de longitud fija 130716b xxu||||| |||| 00| 0 eng d
040 ## - FUENTE DE LA CATALOGACIÓN
Centro transcriptor CDMR
100 1# - PUNTO DE ACCESO PRINCIPAL-NOMBRE DE PERSONA
9 (RLIN) 3967
Nombre de persona Chavero Ramírez, Palmira
245 13 - MENCIÓN DE TÍTULO
Título El papel de la agenda de los medios en el proceso de comunicación política
Resto del título : un estudio de caso : la legislatura 2008-2011
Mención de responsabilidad, etc. Palmira Chavero Ramírez ; Fermín Bouza Álvarez, Juan Jesús González Rodríguez
Medio [recurs electrònic]
260 ## - PUBLICACIÓN, DISTRIBUCIÓN, ETC. (PIE DE IMPRENTA)
Lugar de publicación, distribución, etc. Madrid
Fecha de publicación, distribución, etc. 2012
502 ## - NOTA DE TESIS
Nota de tesis Tesis defensada el dia 11 de juliol de 2012
Nombre de la institución que otorga el tí,tulo Universidad Complutense de Madrid, Facultad de Ciencias de la Información, Departamento de Sociología VI (Opinión Pública y Cultura de Masas)
650 04 - PUNTO DE ACCESO ADICIONAL DE MATERIA - TÉRMINO DE MATERIA
9 (RLIN) 2807
Término de materia o nombre geográfico como elemento inicial Mitjans de comunicació de massa
Subdivisión de materia general Aspectes polítics
Subdivisión geográfica Espanya
650 04 - PUNTO DE ACCESO ADICIONAL DE MATERIA - TÉRMINO DE MATERIA
9 (RLIN) 2994
Término de materia o nombre geográfico como elemento inicial Tesis i dissertacions acadèmiques
700 1# - PUNTO DE ACCESO ADICIONAL - NOMBRE DE PERSONA
9 (RLIN) 2346
Nombre de persona Bouza Alvarez, Fermín
700 1# - PUNTO DE ACCESO ADICIONAL - NOMBRE DE PERSONA
9 (RLIN) 3968
Nombre de persona González Rodríguez, Juan Jesús
710 2# - PUNTO DE ACCESO ADICIONAL - NOMBRE DE ENTIDAD
9 (RLIN) 3910
Nombre de entidad o nombre de jurisdicción como elemento inicial Universidad Complutense de Madrid
Unidad subordinada -- Facultad de Ciencias de la Información
856 40 - LOCALIZACIÓN Y ACCESO ELECTRÓNICO
Identificador Uniforme del Recurso (URI) <a href="http://eprints.ucm.es/17478/">http://eprints.ucm.es/17478/</a>
Texto del enlace Disponible en línia (UCM)
942 ## - ENTRADA DE ELEMENTOS AGREGADOS (KOHA)
Fuente de clasificaión o esquema
Koha [por defecto] tipo de item Tesines en línia
Fons
Suprimido Perdido Estropeado No para pr&eacute;stamo Localizaci&oacute;n permanente Localizaci&oacute;n actual Fecha adquisici&oacute;n C&oacute;digo de barras Fecha &uacute;ltima consulta Fecha del precio de reemplazo Tipo de item de Koha Note p&uacute;blica
        Centre de Documentació Montserrat Roig Centre de Documentació Montserrat Roig 2013-07-16 CDMR13096918 2013-07-16 2013-07-16 Tesines en línia Tesi dipositada a E-Prints Complutense

Implantat amb Koha